| 000 | 02248cam a22005054i 4500 | ||
|---|---|---|---|
| 003 | PE-LiUPU | ||
| 005 | 20250731175625.0 | ||
| 008 | 161104m20179999inu rb 001 0 eng | ||
| 020 |
_a1575067528 _qv. 1 |
||
| 020 |
_a9781575067520 _qv. 1 |
||
| 035 | _a(Sirsi) i9781575067520 | ||
| 035 | _a(OCoLC)962304092 | ||
| 040 |
_aDLC _bspa _erda _cDLC _dYDX _dOCLCQ _dHUC _dYDX _dOCLCO _dMNU _dPE-LiUPU |
||
| 049 | _aPRUA | ||
| 050 | 0 | 0 |
_aPJ1135 _b.A44 2017 |
| 082 | 0 | 0 |
_a493.15 _bA43 _223 |
| 100 | 1 |
_aAllen, James P., _d1945- _eautor. |
|
| 245 | 1 | 0 |
_aGrammar of the ancient Egyptian Pyramid Texts / _cJames P. Allen, Brown University. |
| 264 | 1 |
_aWinona Lake, Indiana : _bEisenbrauns, _c2017 |
|
| 300 |
_avolumes ; _c27 centímetros. |
||
| 336 |
_atext _2rdacontent |
||
| 337 |
_aunmediated _2rdamedia |
||
| 338 |
_avolume _2rdacarrier |
||
| 490 | 0 |
_aLanguages of the ancient Near East ; _v7 |
|
| 504 | _aBibliografía : páginas 363-366. | ||
| 504 | _aÍndice : páginas 367-375. | ||
| 505 | _aOrthography -- Editing -- Phonology -- The lexicon -- Pronouns -- Nouns and numbers -- Kinds of attributives -- Prepositions -- Adverbs and prepositions -- Nominal predicates -- Adjectival predicates -- Adverbial predicates -- Verb forms -- Infinitival forms -- Partitional forms -- The imperative -- The stative -- The sdm.n.f and other suffixed forms -- Passives -- The active sdm.f -- Subordination -- The lexicon. | ||
| 526 | _aP145 | ||
| 526 | _aP127 | ||
| 526 | _aP97 | ||
| 526 | _aP35 | ||
| 526 | _aP14 | ||
| 526 | _aP07 | ||
| 630 | 0 | 0 |
_aPyramid texts _xLanguage, style. |
| 630 | 0 | 0 |
_aTextos de pirámide _xLanguaje, estilo. |
| 650 | 0 |
_aEgyptian language _xGrammar. |
|
| 650 | 0 |
_aIdioma egipcio _xGramática. |
|
| 910 |
_adbm _bebj _cebj _d20171228 |
||
| 942 |
_2ddc _cBOOK |
||
| 949 |
_a493.15 A43 _wDEWEY _c1 _i77855 _lCATALOGING _mBUL _p52.15 _r0 _sY _tBOOK _u2017-12-28 _xPOSGRADO _PP85 _0DONACION _o.STAFF. Colección Teología. |
||
| 994 |
_aC0 _bPEPRU |
||
| 596 | _a1 | ||
| 999 |
_a493.15 A43 _wDEWEY _c26525 _i77855 _f2021-11-11 _g4 _lCCODEBUL1 _mBUL _p52.15 _r0 _sY _tBOOK _u2017-12-28 _xTEOLOGIA _PP85 _0COMPRA _o.STAFF. Colección Teología. _d26525 |
||
| 980 |
_81 _gALBERTO SANCHEZ Responsable de Automatización |
||